Surveyor and Municipal Engineer (Record no. 118841)

MARC details
000 -LEADER
fixed length control field 00532cas a22001815a 4500
001 - CONTROL NUMBER
control field L131008
008 - FIXED-LENGTH DATA ELEMENTS--GENERAL INFORMATION
fixed length control field 050920d19631968xxkwr p 0 a0eng u
035 ## - SYSTEM CONTROL NUMBER
System control number (Sirsi) u131008
041 0# - LANGUAGE CODE
Language code of text/sound track or separate title eng
245 00 - TITLE STATEMENT
Title Surveyor and Municipal Engineer
260 ## - PUBLICATION, DISTRIBUTION, ETC.
Place of publication, distribution, etc. London
Name of publisher, distributor, etc. Temple Press Ltd.
Date of publication, distribution, etc. 1963-1968
362 ## - DATES OF PUBLICATION AND/OR SEQUENTIAL DESIGNATION
Dates of publication and/or sequential designation 123(3737) 4 January 1964-131(3969) 28 June 1968
554 ## -
-- One per week
651 #4 - SUBJECT ADDED ENTRY--GEOGRAPHIC NAME
Geographic name United Kingdom
Chronological subdivision
690 ## - LOCAL SUBJECT ADDED ENTRY--TOPICAL TERM (OCLC, RLIN)
Topical term or geographic name as entry element MANAGEMENT-BUSINESS MANAGEMENT-PROFESSIONAL PRACTICE
785 00 - SUCCEEDING ENTRY
Title Surveyor
International Standard Serial Number 0039-6303
942 ## - ADDED ENTRY ELEMENTS (KOHA)
Suppress in OPAC 0
Holdings
Withdrawn status Lost status Source of classification or shelving scheme Damaged status Not for loan Home library Current library Shelving location Date acquired Total Checkouts Full call number Barcode Date last seen Price effective from Koha item type
    Dewey Decimal Classification     London London Basement 20/09/2005   SURVEYOR 131008-1001 06/08/2019 06/08/2019 Journal